The splendid journey

Bibliographic Details
Main Author: Morrow, Honore
Other Authors: Shenton, Edward (illustrated)
Format: Book
Published: Oxford : Heinemann Educational , 1950
Series:New Windmill series
Subjects:

MARC

LEADER 00000cam a2200000 7i4500
001 0000008854
002 000009652
005 20000330.0
020 |a 0435120069 
090 0 0 |a JF   |b MOR 
100 1 |a Morrow, Honore 
245 1 4 |a The splendid journey   |c Honore Morrow ; illustratedby Edward Shenton 
260 |a Oxford :   |b Heinemann Educational ,   |c 1950 
300 |a 182p. :   |b ill. ;   |c 19cm. 
490 0 |a New Windmill series 
650 0 0 |a Children's stories 
700 1 |a Shenton, Edward ,   |e illustrated 
999 |a 048438   |b BUKU   |c PINJAMAN   |e PERPUSTAKAAN KOMUNITI PETALING JAYA 
999 |a 048440   |b BUKU   |c PINJAMAN   |e PERPUSTAKAAN KOMUNITI PETALING JAYA